000 00645nam a2200277Ia 4500
005 20260324150928.0
008 008 260324s9999 xx 000 0 eng d
020 _a9781315009193
037 _aEBOOK
040 _aCRL
040 _beng
040 _cCRL
041 _2eng
041 _aeng
084 _qCRL
100 _aCyril J. Flower
_91228120
245 3 _aAn Approach To The Psychology of Religion
260 _bTaylor and Francis
260 _c1927
365 _a
365 _b205
856 _uhttp://www.taylorfrancis.com/books/9781315009193
942 _cEBOOK
999 _c1838402
_d1838402